Statistiques concernant Grenoble - Culture générale

Cliquez ici pour prendre le quiz!

Statistiques générales

  • Ce quiz a été pris 552 fois
  • Le résultat moyen est 12 sur 17

Statistiques - réponses

IndiceRéponse% Correct
Rivières traversant la villeIsère
96%
Surnom de GrenobleCapitale des {Alpes}
94%
Youtubeur et rappeurMister V
87%
Fort militaire surplombant la villeBastille
86%
Principaux massifs montagneuxChartreuse
86%
Fruit à coque AOCNoix de Grenoble
86%
Plat à base de pommes de terre et de laitGratin dauphinois
85%
Principaux massifs montagneuxVercors
83%
Évènement organisé en 1968Jeux olympiques d’hiver
80%
Principaux massifs montagneuxBelledonne
79%
Écrivain connu pour <i> Le Rouge et le Noir </i>Stendhal
78%
Maire écologisteÉric Piolle
73%
Rivières traversant la villeDrac
66%
Premier à déchiffrer les hiéroglyphesChampollion
56%
Grenoble est la ville la plus ____ de FrancePlate
54%
« Chevalier sans peur et sans reproche » qui conduisit
les troupes françaises à la victoire en 1515 à Marignan
Chevalier Bayard
31%
Compositeur romantique qui a notamment signé La Damnation de FaustHector Berlioz
27%

Distribution des résultats

Percentile par nombre de réponses

% des personnes avec chaque résultat

Votre développement - résultats

Vous n’avez pas pris ce quiz